00369nam a2200145Ia 4500008004100000040001900041041001200060082002200072100001800094245003500112260002800147300002400175650000800199850001600207131103s9999 xx 000 0 und d aLoreto College aEnglish aREFb3 LCBED/9291 aAurora, Kamal aStory of the TajcKamal Aurora aNew DelhibVikasc[19?] a24p.b ill.c 24cm. aREF aLCBED/REF 3